Very Difficult Flags #3 - Statistics

General Stats
  • This quiz has been taken 165 times
  • The average score is 8 of 16
Answer Stats
Picture Answer % Correct
Malta
98%
Andorra
95%
Rome
81%
Maryland
66%
Libya (OLD)
65%
Abkhazia
61%
Guadeloupe
59%
South Carolina
56%
Nunavut
49%
Chicago
39%
Barcelona
25%
Sumatra
23%
Australian Capital Territory
21%
Carthage
16%
Maya
8%
Nairobi
7%
No matching quizzes found
Score Distribution
Percent of People with Each Score
Percentile by Number Answered
Your Score History
You have not taken this quiz